[Event "Salon de Provence op 5th"]
[Site "Salon de Provence"]
[Date "2014.07.12"]
[Round "8"]
[White "Morris, Keith"]
[Black "Valcrose, Thomas"]
[Result "1-0"]
[WhiteElo "1709"]
[BlackElo "1787"]
[PlyCount "67"]
[EventDate "2014.07.05"]
[EventType "swiss"]
[EventRounds "9"]
[EventCountry "FRA"]
[SourceTitle "EXT 2015"]
[Source "ChessBase"]
[SourceDate "2014.11.20"]
[SourceVersion "1"]
[SourceVersionDate "2014.11.20"]
[SourceQuality "1"]

1. e4 Nf6 2. e5 Nd5 3. Nc3 e6 4. Bc4 Nb6 5. Bb3 d6 6. d4 Nc6 7. Nf3 Be7 8. 0-0 0-0 9. a4 Nd7 10. Re1 b6 11. exd6 Bxd6 12. Bg5 Be7 13. Bxe7 Nxe7 14. d5 exd5 15. Nxd5 Nxd5 16. Qxd5 Ba6 17. Rad1 Nc5 18. Qh5 Qf6 19. Bd5 c6 20. Ng5 h6 21. Ne4 Nxe4 22. Bxe4 Rad8 23. b4 Bc4 24. a5 Bb5 25. h4 Rfe8 26. axb6 axb6 27. Rxd8 Rxd8 28. g4 Qc3 29. Re3 Qxb4 30. g5 Qb1+ 31. Kh2 Qf1 32. Rf3 Qc4 33. gxh6 Qe6 34. hxg7 1-0